10 największych miast w warmińsko-mazurskim - Statystyki

Ogólne statystyki
  • Ten quiz został rozwiązany 110 razy
  • Średni wynik to 7 z 10
Statystyki odpowiedzi
Liczba ludności Miasto % Poprawnych
172 970 Olsztyn
100%
121 046 Elbląg
93%
61 237 Ełk
84%
29 572 Giżycko
64%
21 914 Mrągowo
60%
33 128 Iława
59%
33 216 Ostróda
58%
27 453 Kętrzyn
51%
23 932 Bartoszyce
49%
23 698 Szczytno
43%
Nie znaleziono quizów pasujących do podanych kryteriów
Rozkład punktacji
Procent ludzi z każdym wynikiem
Percentyl według liczby udzielonych odpowiedzi
Twoja historia wyników
Nie rozwiązałeś tego quizu